Optics, light and lasers : The practical approach to modern aspects of photonics and laser physics

The book introduces in detail the phenomena of linear and nonlinear light matter interaction, the properties of modern laser sources, and the concepts of quantum optics. Several examples taken from the scope of modern research are provided to emphasize the relevance of optics in current developments...

תיאור מלא

שמור ב:
מידע ביבליוגרפי
מחבר ראשי: Meschede, Dieter
פורמט: ספר
שפה:Undetermined
יצא לאור: Weinheim Wiley-VCH 2004
נושאים:
תגים: הוספת תג
אין תגיות, היה/י הראשונ/ה לתייג את הרשומה!
Thư viện lưu trữ: Trung tâm Học liệu Trường Đại học Cần Thơ
LEADER 00990nam a2200217Ia 4500
001 CTU_93931
008 210402s9999 xx 000 0 und d
020 |c 83.42 
082 |a 621.366 
082 |b M578 
100 |a Meschede, Dieter 
245 0 |a Optics, light and lasers : 
245 4 |b The practical approach to modern aspects of photonics and laser physics 
245 0 |c Dieter Meschede 
260 |a Weinheim 
260 |b Wiley-VCH 
260 |c 2004 
520 |a The book introduces in detail the phenomena of linear and nonlinear light matter interaction, the properties of modern laser sources, and the concepts of quantum optics. Several examples taken from the scope of modern research are provided to emphasize the relevance of optics in current developments within science and technology 
650 |a Optics,Lasers,Photonics,Quang học,Kỹ thuật Lasers,Quang điện tử 
904 |i Tuyến 
980 |a Trung tâm Học liệu Trường Đại học Cần Thơ